000 02152nam a22003497a 4500
001 42835
003 gtgccic
005 20251021105916.0
007 ta
008 251015b gt ||||| |||| 00| 0 spa d
040 _agtgccic
_bspa
_cgtgccic
_erda
084 _0TPI-15-0071
100 1 0 _aElioth Vinicio Santiago Gómez
_dIngeniero Civil
_eautor
245 1 0 _aAnálisis y diseño de la superestructura de un puente viga-losa de concreto armado de 20 metros de longitud,
_bsegún Normas de Aashto Standard y Aashto LRFD, mediante la aplicación de recursos informáticos /
_cSantiago Gómez, Elioth Vinicio
264 1 _aGuatemala, Guatemala :
_bUSAC, Facultad de Ingeniería ;
_c2015.-
300 _axxxviii, 174 p. :
_bil. ;
_c27 cm
336 _2rdacontenido
_aTexto
_btxt
337 _2rdamedio
_asin mediación
_bn
338 _2rdasoporte
_avolumen
_bnc
502 _aTesis Postgrado
_bMAESTRO EN ESTRUCTURAS
_cUSAC, Facultad de Ingeniería, Escuela de Postgrado
_d2015
_oTPI-15-0071
504 _aBibliografía pag. 139
505 _t1. MARCO TEÓRICO
505 _t2. PUENTES
505 _t3. DISEÑO DE PUENTE ¨TIPO¨ PARA ANÁLISIS DE LA INVESTIGACIÓN
505 _t4. RESULTADOS DEL ANÁLISIS DE PUENTE ENTRE AASHTO STANDARD Y AASHTO LRFD CON CSI BRIDGE
520 _aEn la presente investigación se desarrolla el diseño de un puente de 20 metros de longitud, bajo el uso de dos modalidades; la primera con metodología tradicional utilizando normas AASHTO Standard y la segunda con normas AASHTO LRFD mediante la aplicación de recursos informáticos. Se propone que la segunda opción sea usada con carácter obligatoria en Guatemala, dado que la normativa AASHTO se ha convertido de uso tradicional, donde ya no aplica la opción Standard. Los diseñadores de puentes en Guatemala, han utilizado el método AASHTO Standard por mucho tiempo, siendo este muy práctico, pero desactualizado conforme a las normas AASHTO LRFD de aplicación en los Estados Unidos.
650 _aPUENTES
650 _aNORMAS DE CONSTRUCCIÓN
700 _aIng. Msc. Max Fernando Schwartz Guzmán
_easesor
942 _2ddc
_cTPS
945 _aamlo
999 _c2352
_d2352